Giáo trình gián yếu cơ học lí thuyết

Uloženo v:
Podrobná bibliografie
Hlavní autor: S M Targ
Médium: Kniha
Jazyk:Undetermined
Vydáno: Hà Nội ĐH và THCN 1979
Témata:
Tagy: Přidat tag
Žádné tagy, Buďte první, kdo otaguje tento záznam!
Thư viện lưu trữ: Trung tâm Học liệu Trường Đại học Cần Thơ
LEADER 00503nam a2200181Ia 4500
001 CTU_2528
008 210402s9999 xx 000 0 und d
082 |a 531.07 
082 |b T185 
100 |a S M Targ 
245 0 |a Giáo trình gián yếu cơ học lí thuyết 
245 0 |c S M Targ, Phạm Huyền 
260 |a Hà Nội 
260 |b ĐH và THCN 
260 |c 1979 
650 |a mechanics 
904 |i Minh, 960827 
980 |a Trung tâm Học liệu Trường Đại học Cần Thơ